000
003160000a22001450004500
003
MACL
040
_a
MACL
090
_c
8285
_d
8284
100
_a
Sharma, H L
245
_a
Trends And Challenges To indian Banking
260
_b
Rajat Publications
_c
2007
350
_a
300
650
_a
Economices
942
_c
BOOK
_k
330
999
_c
8234
_d
8234